ČBA: Hlavním zdrojem růstu by v letošním roce měla být domácí poptávka

Aktuálna makroekonomická prognóza Českej bankovej asociácie (ČBA) a makroekonomické prostredie v roku 2016. Výhľad pre európsku ekonomiku. Neistoty a riziká.

Saved in:
Bibliographic Details
Main Author: Zamrazilová, Eva
Format: Book Chapter
Language:Czech
Subjects:
Tags: Add Tag
No Tags, Be the first to tag this record!

MARC

LEADER 00000naa a2200000 4500
001 0200393
005 20231211083650.1
041 0 |a cze 
044 |a CZ 
245 1 0 |a ČBA: Hlavním zdrojem růstu by v letošním roce měla být domácí poptávka  |c Eva Zamrazilová 
520 |a Aktuálna makroekonomická prognóza Českej bankovej asociácie (ČBA) a makroekonomické prostredie v roku 2016. Výhľad pre európsku ekonomiku. Neistoty a riziká. 
610 2 0 |a makroekonomika 
610 2 0 |a ponuka agregátna 
610 2 0 |a prostredie podnikateľské 
610 2 0 |a dopyt agregátny 
610 2 0 |a riziko 
610 2 0 |a inflácia 
610 2 0 |a deflácia 
100 1 |a Zamrazilová, Eva